• 首页
  • 本馆介绍
  • 公告通知
  • 最新文献
  • 馆藏检索
  • 电子资源
  • 读者导购
  • 参考咨询
  • 我的图书馆
  • 登录
  • 详细信息显示
  • 放入我的书架
  • 预约/预借图书
  • 作者相关作品
  • 分类相关作品
  • 丛书相关作品
  • 出版社相关作品

书目信息

  • 表格格式
  • 工作单格式
  • 卡片格式
题名:
春秋五霸
    
 
作者: 林汉达 编写
分册:  
出版信息: 北京   中华书局  1963
页数: 113页
开本: 19cm
丛书名:
单 册:
中图分类: K231.09
科图分类:
主题词: 中国--古代史--春秋时代 , 中国--古代史--封建社会
电子资源:
ISBN:
000 00586nam0 2200217 45
001 0312221749
005 20060927153843.20
010    @dCNY0.34
091    @a11018.387
100    @a20031222d1963 km y0chiy0120 ea
101    @achi
105    @ab z 000yy
200 1  @a春秋五霸@AChun Qiu Wu Ba@f林汉达编写@Flin han da bian xie
210    @a北京@c中华书局@d1963
215    @a113页@c地图@d19cm
606 0  @a中国@x古代史@x春秋时代
606 0  @a中国@x古代史@x封建社会
690    @aK231.09@v3
701 0  @a林汉达@Alin han da@4编写
801    @aCN@bTSTCL@c20060927
905    @dK231.09@e2
    
    春秋五霸/林汉达编写.-北京:中华书局,1963
    113页:地图;19cm
    
    
    ISBN :CNY0.34
    
●
相关链接 在E读中查询图书 在五车中查询图书 在当当中查询图书 在豆瓣中查询图书


正题名:春秋五霸     索取号:K231.09/2         预约/预借

序号 登录号 条形码 馆藏地/架位号 状态 备注
1 0040212   202446629   第二样本阅览室/ [索取号:K231.09/2] 在馆    
2 0040213   202381662   密集书库/ [索取号:K231.09/2] 在馆    
3 0040214   202287989   密集书库/ [索取号:K231.09/2] 在馆    
4 0040215   202237980   密集书库/ [索取号:K231.09/2] 在馆    
5 0040216   202381706   密集书库/ [索取号:K231.09/2] 在馆    
6 0067141   001281446   第二借阅区/ [索取号:K231.09/2] 在馆    
7 0067142   001281400   第二借阅区/ [索取号:K231.09/2] 在馆    
8 0067143   001281598   第二借阅区/ [索取号:K231.09/2] 在馆    
9 0067144   001281589   第二借阅区/ [索取号:K231.09/2] 在馆    
10 0067145   202287952   密集书库/ [索取号:K231.09/2] 在馆    
11 0422485   204224856   密集书库/ [索取号:K231.09/2] 在馆    
12 0436039   204360397   密集书库/ [索取号:K231.09/2] 在馆    
13 0436040   204360404   密集书库/ [索取号:K231.09/2] 在馆    
14 0436041   204360413   密集书库/ [索取号:K231.09/2] 在馆    
15 0436042   204360422   密集书库/ [索取号:K231.09/2] 在馆    
唐山师范学院图书馆 欢迎您!
大连网信软件有限公司© 版权所有